| 000 | 01520nab a2200253 i 4500 | ||
|---|---|---|---|
| 001 | 768714001 | ||
| 003 | CO-MdFUSB | ||
| 005 | 20240627143625.0 | ||
| 008 | 240627t1999 us ||||| |||| 00| 0 eng d | ||
| 040 |
_bspa _cCO-MdFUSB _dCO-MdFUSB |
||
| 041 | _aeng | ||
| 100 |
_aBundy, David, _eautor |
||
| 245 | 1 |
_aSong of ascents : _bautobiographical reflection and the development of the mission theory of E. Stanley Jones _c/ David Bundy |
|
| 520 | _aE. Stanley Jones (1884-1973) es uno de los teóricos de la misión más importantes del siglo XX. Debido a que la mayoría de sus escritos son en cierto sentido autobiográficos, no ha sido tratado en estudios sobre la teoría de la misión. Este ensayo describe y analiza el desarrollo de la teoría de la misión de Jones. Se sostiene que parte del poder de la teoría es que se enmarcó en el contexto de la reflexión autobiográfica. A través de esta reflexión, Jones buscó hacer congruente su comprensión del reino de Dios con sus experiencias de vida y misión, tanto en la India como en los Estados Unidos de América. | ||
| 546 | _aTexto en inglés. | ||
| 650 | 0 |
_aVida cristiana _919 |
|
| 650 | 2 |
_aConversión _xRelatos personales _9949 |
|
| 650 | 0 |
_aMisiones _9154 |
|
| 650 | 7 |
_aMisioneros _9931 |
|
| 650 | 0 |
_aBiografías cristianas _91238 |
|
| 773 | 0 |
_049486 _982793 _d Pasadena _oR2668 _tMissiology: _w(CO-MdFUSB)97 _gVolumen 27, (número 4, 1999) páginas: 467 - 473 _qpágina: 467 |
|
| 942 | _cANA | ||
| 945 | _aCatherine Arias Álvarez - Practicante SENA | ||
| 999 |
_c70408 _d70408 |
||